| 000 | 00841nam a2200217Ii 4500 | ||
|---|---|---|---|
| 003 | JO-AjNU | ||
| 008 | 230605s9999||||xx |||||||||||||| ||und|| | ||
| 017 | _a1995/5/459 | ||
| 040 |
_aJO-AjNU _bara _erda _cJO-AjNU |
||
| 041 | _aara | ||
| 050 | 1 | 4 | _aJX4270.H52.2005 |
| 100 | 3 |
_a الهداوي ، حسن , _eauthor _911676 |
|
| 245 | 0 | 0 | _aالقانون الدولي الخاص : تنازع القوانين، المبادئ العامة والحلول الوضعية في القانون الأردني : دراسة مقارنة |
| 250 | _aط1 | ||
| 264 | 3 | 1 | _aعمان : دار الثقافة ، 2005 |
| 300 | _a 343ص | ||
| 336 |
_atext _btxt _2rdacontent |
||
| 337 |
_aunmediated _bn _2rdamedia |
||
| 338 |
_avolume _bnc _2rdacarrier |
||
| 650 | 4 |
_aالقانون الدولي -- القوانين الوضعية -- الأردن _911677 |
|
| 999 |
_aA2448 _c6016 _d6016 |
||